[Event "IIFL Wealth  4th Mumbai Junior U-13"]
[Site "Mumbai"]
[Date "2018.12.31"]
[Round "2"]
[White "Zia, Tahsin Tajwar"]
[Black "Swara Lakshmi S Nair"]
[Result "1-0"]
[WhiteElo "1925"]
[BlackElo "1415"]
[Annotator "NA"]
[PlyCount "89"]
[EventDate "2018.12.30"]
[EventType "swiss"]
[EventCountry "IND"]
[SourceTitle "playchess.com"]
[Source "ChessBase"]
[SourceQuality "1"]
[TimeControl "40/5400+30:1800+30"]

{[%evp 12,87,20,14,21,32767,32767,32767,32767,-9,32767,28,41,13,17,32767,13,7,32767,17,44,26,32767,35,32767,32767,32767,32767,32767,7,55,47,46,5,15,5,23,0,32767,32767,32767,32767,32767,32767,32767,32767,32767,32767,32767,32767,32767,32767,32767,32767,32767,32767,32767,32767,32767,32767,-69,-122,81,95,293,121,391,460,344,468,650,518,612,1346,29990,29987,29991,29992]} 1. d4 {[%emt 0:00:00]} d5 {[%emt 0:00:00]} 2. Nf3 {[%emt 0:00:00]} Nf6 {[%emt 0:01:07]} 3. Bf4 {[%emt 0:00:00]} e6 {[%emt 0:02:21]} 4. e3 {[%emt 0:00:05]} c5 {[%emt 0:00:40]} 5. Nbd2 {[%emt 0:00:13]} Nc6 {[%emt 0:02:01]} 6. c3 {[%emt 0:00:05]} cxd4 {[%emt 0:02:34]} 7. exd4 {[%emt 0:00:13] D02: 1 d4 d5 2 Nf3 sidelines, including 2...Nf6 3 g3 and 2...Nf6 3 Bf4} Nh5 {[%emt 0:00:28] LiveBook: 194 Games} 8. Bg5 {[%emt 0:01:00]} (8. Be3 Bd6 9. Bd3 Nf4 10. Bxf4 Bxf4 11. g3 Bd6 12. O-O O-O 13. Re1 Bd7 14. h4 h6 {1-0 (44) Caruana,F (2822)-Aronian,L (2767) chess.com INT 2018}) 8... f6 {[%emt 0:01:26]} 9. Be3 {[%emt 0:02:17]} Bd6 {[%emt 0:06:22]} 10. Bd3 {[%emt 0:02:17]} f5 $146 {[%emt 0:06:57]} ({Predecessor:} 10... Nf4 11. Bxf4 Bxf4 12. Qc2 f5 13. O-O O-O 14. Rfe1 Bd7 {0-1 (62) Popov,M (2416)-Kobalia,M (2596) Sochi 2017}) 11. Ne5 {[%emt 0:06:13]} Nf6 {[%emt 0:01:09]} 12. f4 {[%emt 0:11:45]} O-O {[%emt 0:01:19]} 13. O-O {[%emt 0:00:41]} Bd7 {[%emt 0:07:44]} 14. a4 {[%emt 0:01:04]} a5 {[%emt 0:04:00]} 15. Nb1 {[%emt 0:04:17]} Qe7 {[%emt 0:07:11]} 16. Na3 {[%emt 0:01:08]} Rac8 {[%emt 0:02:55]} 17. Nb5 {[%emt 0:00:34]} Bb8 {[%emt 0:00:11]} 18. h3 {[%emt 0:01:04]} Kh8 {[%emt 0:03:54]} 19. Qf3 {[%emt 0:02:34]} g6 {[%emt 0:06:37]} 20. Rae1 {[%emt 0:01:27]} Rfe8 {[%emt 0:05:23]} 21. g4 {[%emt 0:11:56]} Ne4 {[%emt 0:03:54]} 22. Bxe4 {[%emt 0:05:32]} dxe4 {[%emt 0:01:54]} 23. Qg3 {[%emt 0:01:08]} Qg7 {[%emt 0:02:09]} 24. Kh1 {[%emt 0:01:49]} Nxe5 {[%emt 0:09:28]} 25. fxe5 {[%emt 0:00:43]} Bxb5 {[%emt 0:04:50]} 26. axb5 {[%emt 0:00:09]} Bc7 {[%emt 0:00:38]} 27. c4 {[%emt 0:07:21]} b6 {[%emt 0:00:37]} 28. Rc1 {[%emt 0:01:51]} Rf8 {[%emt 0:01:08]} 29. Bg5 {[%emt 0:04:27]} Bd8 {[%emt 0:00:33]} 30. Bxd8 {[%emt 0:00:17]} Rfxd8 {[%emt 0:00:42]} 31. gxf5 {[%emt 0:06:32]} gxf5 {[%emt 0:01:27]} 32. Qe3 {[%emt 0:01:35]} Qe7 {[%emt 0:01:49]} 33. Rc3 {[%emt 0:05:43]} Rg8 {[%emt 0:01:02]} 34. b3 {[%emt 0:05:25]} Rg6 {[%emt 0:00:36]} 35. c5 {[%emt 0:06:11]} Qb7 $2 {[%emt 0:03:32]} (35... bxc5 $19 36. dxc5 Qg7) 36. c6 {[%emt 0:00:48] [#]} Qc7 $2 {[%emt 0:00:11] [#]} (36... Qg7 $1 $17 {stays on course.}) 37. Rg1 $1 {[%emt 0:02:12]} Rcg8 $2 {[%emt 0:00:42]} (37... Rxg1+ $16 38. Qxg1 Qd8) 38. Rcc1 {[%emt 0:01:13]} (38. Rxg6 $18 {is the precise move to win.} Rxg6 39. Qf4) 38... R8g7 $2 {[%emt 0:03:26]} (38... Kg7 $16 {keeps fighting.}) 39. Rxg6 {[%emt 0:01:45]} Rxg6 {[%emt 0:02:01]} 40. Qf4 {[%emt 0:00:00]} Kg7 {[%emt 0:00:00] [#]} 41. d5 $1 {[%emt 0:03:56]} exd5 {[%emt 0:01:29]} 42. Qxf5 {[%emt 0:00:15]} Kg8 {[%emt 0:03:23]} 43. Rf1 {[%emt 0:00:36]} Qe7 {[%emt 0:01:26] [#]} 44. c7 {[%emt 0:00:24]} Qxc7 {[%emt 0:00:22]} 45. Qf8# 1-0

[Event "IIFL Wealth  4th Mumbai Junior U-13"]
[Site "Mumbai"]
[Date "2018.12.31"]
[Round "2"]
[White "Savitha Shri B"]
[Black "Abhyuday Santhosh"]
[Result "1-0"]
[WhiteElo "1894"]
[BlackElo "1409"]
[Annotator "NA"]
[PlyCount "79"]
[EventDate "2018.12.30"]
[EventType "swiss"]
[EventCountry "IND"]
[SourceTitle "playchess.com"]
[Source "ChessBase"]
[SourceQuality "1"]
[TimeControl "40/5400+30:1800+30"]

1. Nf3 {[%emt 0:00:00]} d5 {[%emt 0:00:00]} 2. g3 {[%emt 0:00:00]} Nf6 {[%emt 0:00:18]} 3. Bg2 {[%emt 0:00:00]} e6 {[%emt 0:00:30]} 4. d4 {[%emt 0:00:07]} c5 {[%emt 0:00:30]} 5. O-O {[%emt 0:00:53]} Be7 {[%emt 0:00:14]} 6. b3 {[%emt 0:01:04]} O-O {[%emt 0:00:53]} 7. Bb2 {[%emt 0:00:34]} Nc6 {[%emt 0:00:45]} 8. Re1 {[%emt 0:03:36] D02: 1 d4 d5 2 Nf3 sidelines, including 2...Nf6 3 g3 and 2...Nf6 3 Bf4} (8. dxc5 Bxc5 9. c4 dxc4 10. Qc1 Bd7 11. Qxc4 Be7 12. e4 Rc8 13. Qe2 Qa5 14. Rd1 Rfd8 15. Nbd2 b5 {1-0 (62) Nakamura,H (2777)-Dominguez Perez,L (2739) Saint Louis 2018}) 8... Ne4 {[%emt 0:03:19]} 9. Nbd2 {[%emt 0:06:50]} Nxd2 $146 {[%emt 0:03:01]} ({Predecessor:} 9... Bf6 10. Nxe4 dxe4 11. Nd2 Bxd4 12. c3 e3 13. cxd4 exd2 14. Qxd2 cxd4 15. Bxc6 bxc6 16. Qxd4 Qxd4 17. Bxd4 {1-0 (56) Garcia Almaguer,J (2112)-Ramirez Marin,I (2102) Mexico City 2014}) 10. Qxd2 {[%emt 0:00:08]} Bf6 {[%emt 0:02:52]} 11. Rad1 {[%emt 0:06:14]} Qc7 {[%emt 0:07:02]} 12. c3 {[%emt 0:14:44]} cxd4 {[%emt 0:01:22]} 13. cxd4 {[%emt 0:00:01]} b6 {[%emt 0:01:04]} 14. Rc1 {[%emt 0:11:22]} Bb7 {[%emt 0:02:09]} 15. Ne5 {[%emt 0:02:14]} Bxe5 {[%emt 0:00:41]} 16. dxe5 {[%emt 0:00:05]} Qe7 {[%emt 0:00:55]} 17. e4 {[%emt 0:00:46]} d4 {[%emt 0:01:19]} 18. f4 {[%emt 0:02:09]} Rfd8 {[%emt 0:00:37]} 19. Bf1 {[%emt 0:01:20]} Rac8 {[%emt 0:01:41]} 20. Bc4 {[%emt 0:07:05]} Qb4 {[%emt 0:04:22]} 21. Qf2 {[%emt 0:07:45]} d3 {[%emt 0:01:48]} 22. Bc3 {[%emt 0:00:47]} Qc5 {[%emt 0:00:42]} 23. Qxc5 {[%emt 0:07:10]} bxc5 {[%emt 0:00:59]} 24. Rcd1 {[%emt 0:02:38]} d2 {[%emt 0:02:21]} (24... Nb4 $142) 25. Re2 {[%emt 0:02:20]} Nd4 {[%emt 0:00:22]} 26. Bxd4 $1 {[%emt 0:00:02]} Rxd4 {[%emt 0:00:22]} 27. Rexd2 {[%emt 0:01:08]} ({Much less strong is} 27. Rdxd2 Rcd8 $14) 27... Rcd8 {[%emt 0:00:21]} 28. Rxd4 {[%emt 0:00:28]} cxd4 {[%emt 0:00:50] [#]} 29. Bd3 $1 {[%emt 0:00:23]} Rc8 {[%emt 0:00:26]} 30. Bc4 $11 {[%emt 0:01:06]} (30. Kf2 $18) 30... Bxe4 {[%emt 0:00:00]} 31. Rxd4 {[%emt 0:00:12]} Bb1 {[%emt 0:00:41]} 32. a4 {[%emt 0:01:10]} Bg6 {[%emt 0:01:06]} 33. b4 {[%emt 0:03:04]} Bb1 {[%emt 0:01:00]} 34. b5 {[%emt 0:00:24]} Rc7 {[%emt 0:02:09]} 35. a5 {[%emt 0:00:00]} Bc2 {[%emt 0:00:00]} 36. Be2 {[%emt 0:00:00]} Rb7 {[%emt 0:00:00]} 37. Bf3 {[%emt 0:00:00]} f6 {[%emt 0:00:00]} 38. Rc4 {[%emt 0:00:00]} Rb8 {[%emt 0:00:00]} 39. Rc7 {[%emt 0:00:00]} Bd3 {[%emt 0:00:00]} 40. Rxg7+ {[%emt 0:00:00]} 1-0

[Event "IIFL Wealth  4th Mumbai Junior U-13"]
[Site "Mumbai"]
[Date "2018.12.31"]
[Round "2"]
[White "Potawad Anirudhha"]
[Black "Daakshin Arun"]
[Result "0-1"]
[WhiteElo "1849"]
[BlackElo "1400"]
[Annotator "NA"]
[PlyCount "92"]
[EventDate "2018.12.30"]
[EventType "swiss"]
[EventCountry "IND"]
[SourceTitle "playchess.com"]
[Source "ChessBase"]
[SourceQuality "1"]
[TimeControl "40/5400+30:1800+30"]

1. e4 {[%emt 0:00:04]} c5 {[%emt 0:00:00]} 2. Nf3 {[%emt 0:01:14]} d6 {[%emt 0:00:00]} 3. d4 {[%emt 0:00:05]} cxd4 {[%emt 0:00:02]} 4. Nxd4 {[%emt 0:00:08]} Nf6 {[%emt 0:00:07]} 5. Nc3 {[%emt 0:00:07]} a6 {[%emt 0:00:04]} 6. f3 {[%emt 0:02:24]} e5 {[%emt 0:00:10]} 7. Nb3 {[%emt 0:00:08]} Be6 {[%emt 0:00:07]} 8. Be3 {[%emt 0:02:39]} Be7 {[%emt 0:00:08]} 9. Qd2 {[%emt 0:02:24]} Nbd7 {[%emt 0:00:23]} 10. O-O-O {[%emt 0:01:43]} Rc8 {[%emt 0:00:14] B90: Sicilian Najdorf: Unusual White 6th moves, 6 Be3 Ng4 and 6 Be3 e5} 11. g4 {[%emt 0:05:56]} b5 {[%emt 0:01:32]} 12. Kb1 {[%emt 0:01:14]} Nb6 {[%emt 0:01:25]} 13. g5 {[%emt 0:12:32]} Nh5 {[%emt 0:01:42]} 14. Na5 {[%emt 0:09:22] LiveBook: 4 Games} Nc4 {[%emt 0:07:58]} 15. Nxc4 {[%emt 0:02:55]} bxc4 {[%emt 0:02:20]} 16. Nd5 {[%emt 0:05:05]} Bxd5 {[%emt 0:02:56]} 17. Qxd5 {[%emt 0:00:16]} Qc7 $146 {[%emt 0:03:32]} ({Predecessor:} 17... O-O 18. Rg1 c3 {1-0 (103) Priyanka,N (2104)-Matviishen,V (2404) Pardubice 2017}) 18. Bh3 {[%emt 0:05:35]} Rb8 {[%emt 0:00:54]} 19. Bg4 {[%emt 0:01:27]} g6 {[%emt 0:01:58]} 20. Bxh5 {[%emt 0:07:32]} gxh5 {[%emt 0:00:08]} 21. f4 Qc8 {[%emt 0:09:15]} 22. fxe5 {[%emt 0:05:19]} Rb5 {[%emt 0:00:00]} 23. Qd2 {[%emt 0:18:11]} (23. exd6 $11 {keeps the balance.} Rxd5 24. Rxd5 Bxd6 25. Rxd6) 23... c3 {[%emt 0:00:14]} 24. Qd3 {[%emt 0:00:41]} (24. Qc1 $17) 24... Rxb2+ {[%emt 0:00:34]} 25. Ka1 {[%emt 0:00:01]} dxe5 {[%emt 0:01:57]} 26. Qd5 $2 {[%emt 0:04:26]} (26. Rb1) 26... Rb5 {[%emt 0:02:18]} 27. Qd3 {[%emt 0:01:17]} Ba3 $19 {[%emt 0:00:44]} 28. Rb1 {[%emt 0:00:52]} Bb2+ {[%emt 0:00:39]} 29. Rxb2 {[%emt 0:00:02]} cxb2+ {[%emt 0:00:11]} 30. Kb1 {[%emt 0:00:07]} O-O {[%emt 0:09:18]} 31. Rd1 {[%emt 0:01:58]} Qe6 {[%emt 0:02:32]} 32. h4 {[%emt 0:02:16]} Ra5 {[%emt 0:03:27]} 33. a3 {[%emt 0:02:00]} Qe7 {[%emt 0:00:44]} 34. Ka2 {[%emt 0:02:01]} Rb8 {[%emt 0:00:52]} 35. Rb1 {[%emt 0:00:50]} Qe6+ {[%emt 0:00:45]} 36. c4 {[%emt 0:00:07]} Ra4 {[%emt 0:00:55]} 37. Qd5 {[%emt 0:03:53]} Qxd5 {[%emt 0:00:12]} 38. exd5 {[%emt 0:00:02]} Rxc4 {[%emt 0:00:17]} 39. Rxb2 {[%emt 0:00:00]} Rxb2+ {[%emt 0:00:00]} 40. Kxb2 {[%emt 0:00:00]} Kf8 {[%emt 0:00:00]} 41. Kb3 {[%emt 0:00:38]} Rxh4 {[%emt 0:01:51]} 42. Bc5+ {[%emt 0:00:49]} Ke8 {[%emt 0:00:06]} 43. Bd6 {[%emt 0:01:23]} Rd4 {[%emt 0:00:41]} 44. Bxe5 {[%emt 0:00:15]} Rxd5 {[%emt 0:00:05]} 45. Bf4 {[%emt 0:00:05]} Rf5 {[%emt 0:00:05]} 46. Bd2 {[%emt 0:00:08]} h4 0-1

[Event "IIFL Wealth  4th Mumbai Junior U-13"]
[Site "Mumbai"]
[Date "2018.12.31"]
[Round "2"]
[White "Krishnan Ritvik"]
[Black "Renganayaki V"]
[Result "1/2-1/2"]
[WhiteElo "1812"]
[BlackElo "1376"]
[Annotator "NA RC"]
[PlyCount "57"]
[EventDate "2018.12.30"]
[EventType "swiss"]
[EventCountry "IND"]
[SourceTitle "playchess.com"]
[Source "ChessBase"]
[SourceQuality "1"]
[TimeControl "40/5400+30:1800+30"]

1. e4 {[%emt 0:00:52]} c5 {[%emt 0:00:17]} 2. Nf3 {[%emt 0:00:03]} g6 {[%emt 0:00:34]} 3. c3 {[%emt 0:00:04]} Bg7 {[%emt 0:00:11]} 4. d4 {[%emt 0:00:05]} cxd4 {[%emt 0:00:04]} 5. cxd4 {[%emt 0:00:06]} d5 {[%emt 0:00:12]} 6. e5 {[%emt 0:00:04]} Bg4 {[%emt 0:00:43]} 7. h3 {[%emt 0:00:34]} Bxf3 {[%emt 0:00:25]} 8. Qxf3 {[%emt 0:00:02]} e6 {[%emt 0:00:15] B27: Sicilian: 2 Nf3, unusual Black 2nd moves} (8... Nc6 9. Bb5 e6 10. Nc3 Qb6 11. Be3 Nge7 12. O-O a6 13. Bxc6+ Nxc6 14. Rab1 O-O 15. Rfd1 Rac8 16. Qe2 {0-1 (40) Gvetadze,S (2289)-Nguyen,T (2321) Riadh 2017}) 9. Nc3 {[%emt 0:00:36]} a6 {[%emt 0:00:56]} 10. Qd1 $146 {[%emt 0:01:45]} ({Predecessor:} 10. Qd3 Nc6 11. Be3 Nge7 12. g4 h5 13. Bg2 Qb6 14. Qd2 Qb4 15. Ne2 hxg4 16. hxg4 Rxh1+ 17. Bxh1 Rc8 18. Rc1 Qxd2+ {½-½ (18) Merges,H (1773)-Kohn,M (1739) Heusenstamm 2017}) 10... Ne7 {[%emt 0:00:13]} 11. Be2 {[%emt 0:00:22]} O-O {[%emt 0:02:04]} 12. O-O {[%emt 0:00:04]} Nbc6 {[%emt 0:00:30]} 13. Be3 {[%emt 0:01:16]} Nf5 {[%emt 0:02:46]} 14. Qd2 {[%emt 0:02:07]} f6 {[%emt 0:02:47]} 15. exf6 {[%emt 0:01:19]} Qxf6 {[%emt 0:00:26]} 16. Bd3 {[%emt 0:10:38]} Nfxd4 {[%emt 0:09:54]} 17. Bg5 {[%emt 0:00:33]} Qf7 {[%emt 0:02:06]} 18. f4 {[%emt 0:01:01]} b5 {[%emt 0:19:01]} 19. Rae1 $17 {[%emt 0:06:06]} Rae8 {[%emt 0:04:54]} 20. Bb1 {[%emt 0:05:34]} Bf6 {[%emt 0:09:37]} 21. Bh6 {[%emt 0:00:47]} Bg7 {[%emt 0:02:34]} 22. Bg5 {[%emt 0:00:02]} Bf6 {[%emt 0:00:01]} 23. Bh6 {[%emt 0:00:09]} Bg7 {[%emt 0:00:03]} 24. Bg5 {[%emt 0:00:09]} Bf6 {[%emt 0:00:04]} 25. Bh6 {[%emt 0:00:01]} Bg7 {[%emt 0:00:05]} 26. Bg5 Bf6 27. Bh6 Bg7 28. Bg5 Qd7 29. Qd1 1/2-1/2

[Event "IIFL Wealth  4th Mumbai Junior U-13"]
[Site "Mumbai"]
[Date "2018.12.31"]
[Round "2"]
[White "Barde Om"]
[Black "Vaval Aaditi"]
[Result "1/2-1/2"]
[WhiteElo "1801"]
[BlackElo "1367"]
[Annotator "NA"]
[PlyCount "110"]
[EventDate "2018.12.30"]
[EventType "swiss"]
[EventCountry "IND"]
[SourceTitle "playchess.com"]
[Source "ChessBase"]
[SourceQuality "1"]
[TimeControl "40/5400+30:1800+30"]

1. e4 {[%emt 0:00:00]} e5 {[%emt 0:00:00]} 2. Nf3 {[%emt 0:00:00]} Nc6 {[%emt 0:00:00]} 3. Bc4 {[%emt 0:00:00]} Bc5 {[%emt 0:00:00]} 4. d3 {[%emt 0:00:00]} Nf6 {[%emt 0:00:58]} 5. c3 {[%emt 0:00:31]} O-O {[%emt 0:02:45]} 6. O-O {[%emt 0:02:10]} d6 {[%emt 0:00:24]} 7. Bg5 {[%emt 0:04:58]} h6 {[%emt 0:00:42]} 8. Bh4 {[%emt 0:00:32]} a6 {[%emt 0:04:34] C54: Giuoco Piano: 4 c3 Nf6, main lines with 5 d4 and 5 d3} 9. Bb3 {[%emt 0:01:32]} Ba7 {[%emt 0:01:13]} (9... g5 10. Bg3 Ba7 11. Nbd2 Kg7 12. Nc4 Ne7 13. Re1 Nh5 14. d4 f6 15. Ne3 Qe8 16. Qd3 Bd7 17. Rad1 Ng6 18. Nf5+ {½-½ (30) Ponomariov,R (2686)-Rodshtein,M (2678) Linares 2018}) 10. h3 g5 {[%emt 0:02:24]} 11. Bg3 {[%emt 0:07:08]} Ne7 $146 {[%emt 0:00:57]} ({Predecessor:} 11... Nh5 12. Kh1 Kg7 13. Nh2 Nxg3+ 14. fxg3 f5 15. Nd2 f4 16. gxf4 gxf4 {0-1 (36) Romanov,L (2066)-Kireev,V (2214) ICCF email 2016}) 12. Nbd2 {[%emt 0:12:23]} Ng6 {[%emt 0:01:56]} 13. Bh2 {[%emt 0:01:29]} ({Better is} 13. Nc4 $14) 13... Bd7 {[%emt 0:05:16]} 14. Qc2 {[%emt 0:17:56]} (14. Bg3 $11) 14... c5 {[%emt 0:24:13]} 15. d4 {[%emt 0:20:13]} (15. Nc4 $11 {keeps the balance.}) 15... cxd4 {[%emt 0:01:45]} 16. cxd4 {[%emt 0:00:13]} Rc8 {[%emt 0:00:21]} 17. Qd3 {[%emt 0:07:31]} (17. Qd1 $15) 17... Bb5 {[%emt 0:02:10]} 18. Bc4 {[%emt 0:00:27] [#]} (18. Qb1 $17) 18... Bxc4 $2 {[%emt 0:00:33]} (18... Rxc4 $1 $19 {[%mdl 512]} 19. Nxc4 d5 20. Nfxe5 (20. exd5 $2 e4 $19) 20... Nxe5 21. Bxe5 Bxc4) 19. Nxc4 {[%emt 0:00:07] [#]} b5 $2 {[%emt 0:01:06]} (19... d5 $1 $17 {[%cal Rd5c4] stays on course.} 20. Ncxe5 dxe4) 20. Ne3 {[%emt 0:01:39]} Bb8 {[%emt 0:08:32]} 21. Nf5 {[%emt 0:02:23]} Kh7 {[%emt 0:00:55]} 22. Qe3 {[%emt 0:04:05]} Nh5 {[%emt 0:06:38]} 23. Rfd1 {[%emt 0:10:30]} Qf6 {[%emt 0:04:03]} 24. Rd2 {[%emt 0:03:50]} Ngf4 {[%emt 0:04:40]} 25. Rad1 {[%emt 0:00:57]} Ng7 {[%emt 0:04:22]} 26. Nxg7 {[%emt 0:01:13]} Kxg7 {[%emt 0:00:22]} 27. dxe5 {[%emt 0:00:07]} dxe5 {[%emt 0:00:14]} 28. Bxf4 {[%emt 0:01:25]} gxf4 {[%emt 0:01:25]} 29. Qe2 {[%emt 0:00:38]} Rc4 {[%emt 0:01:59]} 30. g3 {[%emt 0:00:30]} fxg3 {[%emt 0:01:19]} 31. fxg3 {[%emt 0:00:03]} Qg6 {[%emt 0:01:13]} 32. Qg2 {[%emt 0:00:56]} Rxe4 {[%emt 0:02:02]} 33. Nh4 {[%emt 0:00:28]} Qb6+ {[%emt 0:01:38]} 34. Kh1 {[%emt 0:00:08]} Rc4 {[%emt 0:00:32]} 35. Nf5+ {[%emt 0:00:20]} Kh7 {[%emt 0:01:09]} 36. Qe2 {[%emt 0:01:06]} Qc6+ {[%emt 0:04:28]} 37. Kh2 {[%emt 0:00:16]} Qg6 {[%emt 0:03:09]} 38. Rf1 {[%emt 0:00:12]} Rg8 {[%emt 0:03:14]} 39. Qf2 {[%emt 0:01:01]} e4 {[%emt 0:02:14]} 40. Qe3 {[%emt 0:00:00]} Qe6 $15 {[%emt 0:00:00]} 41. Rg2 {[%emt 0:10:07]} Rg6 {[%emt 0:11:06]} 42. b3 {[%emt 0:06:58]} Rc8 {[%emt 0:01:42]} 43. Nd4 {[%emt 0:02:53]} Qd5 {[%emt 0:02:48]} 44. Rf5 {[%emt 0:05:16]} Qb7 {[%emt 0:00:14]} 45. Ne2 {[%emt 0:01:07]} Rd8 {[%emt 0:06:47]} 46. Nf4 {[%emt 0:03:11]} Rg5 {[%emt 0:02:50]} 47. Rxg5 {[%emt 0:02:15]} hxg5 {[%emt 0:00:02]} 48. Ne2 {[%emt 0:00:00]} Kg6 {[%emt 0:01:05]} 49. Qc3 {[%emt 0:02:10]} f6 {[%emt 0:03:26]} 50. Qc2 {[%emt 0:01:33]} Rd3 {[%emt 0:03:44]} 51. Nc1 {[%emt 0:00:31]} Rd7 {[%emt 0:01:32]} 52. Ne2 {[%emt 0:00:24]} Rd3 {[%emt 0:00:06]} 53. Nc1 {[%emt 0:00:34]} Rd7 {[%emt 0:00:06]} 54. Ne2 {[%emt 0:00:30]} Rd3 {[%emt 0:00:20]} 55. Nc1 {[%emt 0:00:32]} Rd7 {[%emt 0:00:10]} 1/2-1/2

[Event "IIFL Wealth  4th Mumbai Junior U-13"]
[Site "Mumbai"]
[Date "2018.12.31"]
[Round "2"]
[White "Garv Rai"]
[Black "Jadhav Jyotiraditya"]
[Result "1-0"]
[WhiteElo "1772"]
[BlackElo "1358"]
[Annotator "NA"]
[PlyCount "91"]
[EventDate "2018.12.30"]
[EventType "swiss"]
[EventCountry "IND"]
[SourceTitle "playchess.com"]
[Source "ChessBase"]
[SourceQuality "1"]
[TimeControl "40/5400+30:1800+30"]

1. d4 {[%emt 0:00:00]} d5 {[%emt 0:00:00]} 2. Bf4 {[%emt 0:00:00]} Nf6 {[%emt 0:00:02]} 3. e3 {[%emt 0:00:00]} e6 {[%emt 0:01:25]} 4. Nd2 {[%emt 0:00:49]} Bd6 {[%emt 0:00:38]} 5. Bg3 {[%emt 0:00:51]} O-O {[%emt 0:01:41]} 6. Bd3 {[%emt 0:00:30]} b6 {[%emt 0:02:12]} 7. Qe2 {[%emt 0:08:16]} Bb7 {[%emt 0:13:00]} 8. Ngf3 {[%emt 0:00:31]} c6 {[%emt 0:02:07]} 9. Ne5 {[%emt 0:01:42]} Qc7 {[%emt 0:03:30]} 10. f4 {[%emt 0:08:41]} c5 {[%emt 0:01:31]} 11. c3 {[%emt 0:00:28]} Nc6 {[%emt 0:02:12]} 12. a3 {[%emt 0:00:16]} a5 {[%emt 0:03:34]} 13. Bh4 {[%emt 0:01:35]} Be7 {[%emt 0:05:15]} 14. O-O {[%emt 0:01:30]} Ne8 {[%emt 0:20:21]} 15. Bxe7 {[%emt 0:07:03]} Qxe7 {[%emt 0:02:27]} 16. Rf3 {[%emt 0:02:02]} f5 {[%emt 0:07:00]} 17. Rh3 {[%emt 0:13:01]} Nf6 {[%emt 0:04:05]} 18. Ndf3 {[%emt 0:03:40]} c4 {[%emt 0:05:09]} 19. Bc2 {[%emt 0:00:13]} a4 {[%emt 0:00:12]} 20. Ng5 {[%emt 0:00:38]} g6 {[%emt 0:03:24]} 21. Rf1 {[%emt 0:08:19]} Kg7 {[%emt 0:02:30]} 22. Qe1 {[%emt 0:12:29]} h6 {[%emt 0:05:32]} 23. Ngf3 {[%emt 0:01:24]} Ng4 {[%emt 0:02:52]} 24. Rg3 {[%emt 0:06:44]} Ncxe5 {[%emt 0:04:18]} 25. dxe5 {[%emt 0:02:57]} h5 {[%emt 0:01:19]} 26. Nd4 {[%emt 0:02:17]} Nh6 {[%emt 0:02:57]} 27. Qd1 {[%emt 0:03:02]} h4 {[%emt 0:01:03]} 28. Rgf3 {[%emt 0:01:19]} Nf7 {[%emt 0:01:38]} 29. R3f2 {[%emt 0:01:35]} Rh8 {[%emt 0:01:26]} 30. Bxa4 {[%emt 0:05:59]} h3 {[%emt 0:00:35]} 31. g3 {[%emt 0:00:47]} Nh6 {[%emt 0:00:35]} 32. Bc2 {[%emt 0:00:54]} Ng4 {[%emt 0:00:15]} 33. Re2 {[%emt 0:01:10]} Bc8 {[%emt 0:00:16]} 34. Qe1 {[%emt 0:00:53]} Qc5 {[%emt 0:00:40]} 35. Nf3 {[%emt 0:01:43]} Bd7 {[%emt 0:00:47]} 36. Qd2 {[%emt 0:00:39]} b5 {[%emt 0:00:47]} 37. Qd4 {[%emt 0:00:26]} Qc6 {[%emt 0:00:24]} 38. Rd1 {[%emt 0:00:54]} Rhc8 {[%emt 0:00:46]} 39. e4 {[%emt 0:01:03]} fxe4 {[%emt 0:00:19]} 40. Bxe4 {[%emt 0:00:00]} Rc7 {[%emt 0:00:00]} 41. Bb1 {[%emt 0:01:43]} Rh8 {[%emt 0:02:34]} 42. Ng5 {[%emt 0:04:44]} Bc8 {[%emt 0:03:05]} 43. Rf1 {[%emt 0:01:33]} Rh5 {[%emt 0:02:32]} 44. Bc2 {[%emt 0:01:08]} Rd7 {[%emt 0:02:30]} 45. Rd2 {[%emt 0:02:02]} Rc7 {[%emt 0:02:08]} 46. Bd1 1-0

[Event "IIFL Wealth  4th Mumbai Junior U-13"]
[Site "Mumbai"]
[Date "2018.12.31"]
[Round "2"]
[White "Devesh Anand Naik"]
[Black "Khairmode Aditya"]
[Result "1-0"]
[WhiteElo "1763"]
[BlackElo "1337"]
[Annotator "NA RC"]
[PlyCount "90"]
[EventDate "2018.12.30"]
[EventType "swiss"]
[EventCountry "IND"]
[SourceTitle "playchess.com"]
[Source "ChessBase"]
[SourceQuality "1"]
[TimeControl "40/5400+30:1800+30"]

1. e4 {[%emt 0:00:00]} e5 {[%emt 0:00:00]} 2. Nf3 {[%emt 0:00:00]} Nf6 {[%emt 0:00:00]} 3. d4 {[%emt 0:02:22]} Nxe4 {[%emt 0:00:08]} 4. Bd3 {[%emt 0:00:30]} d5 {[%emt 0:01:13]} 5. dxe5 {[%emt 0:01:45]} Nc6 {[%emt 0:05:10]} 6. Qe2 {[%emt 0:09:53]} Bf5 {[%emt 0:05:47]} 7. Nbd2 {[%emt 0:03:19]} Nxd2 {[%emt 0:04:02]} 8. Bxd2 {[%emt 0:00:16]} Qd7 {[%emt 0:01:08]} 9. Bb5 {[%emt 0:06:10]} Bc5 {[%emt 0:04:14]} 10. Be3 {[%emt 0:02:52]} Bxe3 {[%emt 0:07:49]} 11. Qxe3 {[%emt 0:00:12]} a6 {[%emt 0:00:35]} 12. Bxc6 {[%emt 0:02:44]} Qxc6 {[%emt 0:00:38]} 13. Nd4 {[%emt 0:01:03]} Qg6 {[%emt 0:02:18]} 14. O-O {[%emt 0:02:52]} O-O {[%emt 0:02:14]} 15. Rfe1 {[%emt 0:03:50]} Rfe8 {[%emt 0:03:35]} 16. Qb3 {[%emt 0:07:06]} c6 {[%emt 0:06:09]} 17. Nxf5 {[%emt 0:01:45]} Qxf5 {[%emt 0:00:11]} 18. Qxb7 {[%emt 0:01:08]} Qxc2 {[%emt 0:02:35]} 19. Rac1 {[%emt 0:03:00]} Qd2 {[%emt 0:02:52]} 20. Qxc6 {[%emt 0:02:51]} Qxb2 {[%emt 0:00:44]} 21. Qxd5 {[%emt 0:27:45]} Rad8 {[%emt 0:00:46]} 22. Qb3 {[%emt 0:01:22]} Qxb3 {[%emt 0:00:30]} 23. axb3 {[%emt 0:00:08]} Rd3 {[%emt 0:00:53]} 24. Ra1 {[%emt 0:01:01]} Rxb3 {[%emt 0:00:42]} 25. Rxa6 {[%emt 0:00:11]} g6 {[%emt 0:00:28]} 26. g3 {[%emt 0:00:52]} Kg7 {[%emt 0:00:30]} 27. Ra7 {[%emt 0:01:08]} Rb6 {[%emt 0:04:11]} 28. f4 {[%emt 0:00:36]} Rbe6 {[%emt 0:00:22]} 29. Rd1 {[%emt 0:01:20]} R8e7 {[%emt 0:02:47]} 30. Rdd7 {[%emt 0:00:53]} Rxd7 {[%emt 0:01:09]} 31. Rxd7 {[%emt 0:00:06]} g5 {[%emt 0:01:18]} 32. Kf2 {[%emt 0:01:12]} gxf4 {[%emt 0:01:32]} 33. gxf4 {[%emt 0:00:07]} Rh6 {[%emt 0:02:08]} 34. Kg3 {[%emt 0:01:21]} Rg6+ {[%emt 0:00:30]} 35. Kf3 {[%emt 0:00:24]} Rh6 {[%emt 0:00:18]} 36. f5 {[%emt 0:01:29]} Kf8 {[%emt 0:02:45]} 37. Rd2 {[%emt 0:02:08]} Ke7 {[%emt 0:05:11]} 38. Kg4 {[%emt 0:01:26]} f6 {[%emt 0:07:16]} 39. e6 {[%emt 0:02:17]} Ke8 {[%emt 0:02:09]} 40. h4 {[%emt 0:00:00]} Ke7 {[%emt 0:00:00]} 41. h5 {[%emt 0:01:30]} Ke8 {[%emt 0:01:25]} 42. Rd7 {[%emt 0:00:14]} Kf8 {[%emt 0:02:45]} 43. Rd8+ {[%emt 0:00:05]} Ke7 {[%emt 0:00:35]} 44. Ra8 {[%emt 0:00:07]} Kd6 {[%emt 0:03:43]} 45. Ra7 {[%emt 0:00:13]} Kd5 1-0